La proteccin̤ frente a la violencia de gňero tutela penal y procesal /

La presenta obra aborda, desde la perspectiva penal y procesal, algunas cuestiones de interš que suscita la normativa vigente en materia de violencia de gňero (estudio de los nuevos tipos penales, Juzgados de Violencia sobre la Mujer, legitimacin̤ autonm̤ica y estatal en relacin̤ al ejercicio de l...

Full description

Bibliographic Details
Main Author: Ramn̤ Ribas, Eduardo
Other Authors: Arrom Loscos, Rosa (coaut.), Nadal Gm̤ez, Irene (coaut.)
Format: Unknown
Language:Spanish
Published: Madrid : Dykinson, D.L. 2010
Subjects:
Online Access:Acceso restringido

MARC

LEADER 00000ny a22000003n 4500
005 2011062306266.0
008 100607s2010 sp 001 0 spa c
017 |a D.L. M 10565-2010 
020 |a 9788498498738 
035 |a 5011 
040 |a BUS  |d vLex 
080 |a 343.6-055.2(460) 
080 |a 364.28-055.2-056.83(460) 
090 |c 1068  |d 1068 
100 1 |a Ramn̤ Ribas, Eduardo 
245 1 3 |a La proteccin̤ frente a la violencia de gňero  |h [Recurso electrn̤ico]  |b tutela penal y procesal /  |c Eduardo Ramn̤ Ribas, Rosa Arrom Loscos, Irene Nadal Gm̤ez 
256 |a Servicio en ln̕ea 
260 |a Madrid :  |b Dykinson,  |c D.L. 2010 
300 |a 235 p. ;  |c 21 cm. 
506 1 |a Contenido solo disponible en los productos indicados  |d vLex Global  |d vLex Global (Academic Edition, excluding Law Schools)  |d vLex Global (U.S. Academic Edition, Law Schools)  |d vLex Global (U.S. Academic Edition, excluding Law Schools)  |d vLex Global (Academic Edition, Law Schools) 
520 |a La presenta obra aborda, desde la perspectiva penal y procesal, algunas cuestiones de interš que suscita la normativa vigente en materia de violencia de gňero (estudio de los nuevos tipos penales, Juzgados de Violencia sobre la Mujer, legitimacin̤ autonm̤ica y estatal en relacin̤ al ejercicio de la acusacin̤ popular en esta materia) con la finalidad de clarificar algunas cuestiones de tan importante parcela de nuestro ordenamiento jurd̕ico. 
650 0 7 |a Violencia en la familia   |2 Tesauro vLex 
650 0 7 |a Violencia de gňero  |2 Tesauro vLex 
650 0 7 |a Proteccin̤ social  |2 Tesauro vLex 
650 0 7 |a Asuntos sociales  |2 Tesauro vLex 
650 0 7 |a Proteccin̤ de los derechos fundamentales de la persona  |2 Tesauro vLex 
700 1 |a Arrom Loscos, Rosa,  |e coaut. 
700 1 |a Nadal Gm̤ez, Irene,  |e coaut. 
740 0 |a vLex Libros (Servicios en ln̕ea) 
856 4 0 |u http://vlex.com/source/5011  |z Acceso restringido 
942 |c BOOK